000 00321nam a2200121 i 4500
001 bg
245 0 0 _aZastosowanie komputerów w przemyśle.
_nSekcja 2,
_pSkomputeryzowane systemy zarządzania.
260 _aSzczecin,
_c1978.
040 _cBPK
041 _apol
942 _cKS
008 s pl f |000 0 pol
999 _c34866
_d34866
856 _uhttp://koha.tu.koszalin.pl/cgi-bin/koha/opac-detail.pl?biblionumber=34866
_yKatalog online BPK